Giáo trình vật lý đại cương : Dùng cho sinh viên các trường cao đẳng

Nội dung sách gồm 2 phần: Cơ học giới thiệu về động học chất điểm, động lực học hệ chất điểm, động lực học vật rắn, năng lượng và trường hấp dẫn. Phần Nhiệt học giới thiệu về vật lý thống kê cổ điển, cơ sở nhiệt học đọ...

Mô tả đầy đủ

Đã lưu trong:
Chi tiết về thư mục
Tác giả chính: Lương, Duyên Bình
Định dạng: Sách
Ngôn ngữ:Undetermined
Được phát hành: Hà Nội Giáo dục Việt Nam 2012
Những chủ đề:
Các nhãn: Thêm thẻ
Không có thẻ, Là người đầu tiên thẻ bản ghi này!
Thư viện lưu trữ: Trung tâm Học liệu Trường Đại học Cần Thơ
LEADER 01115nam a2200229Ia 4500
001 CTU_207376
008 210402s9999 xx 000 0 und d
020 |c 24000 
082 |a 530 
082 |b B312/T.1 
100 |a Lương, Duyên Bình 
245 0 |a Giáo trình vật lý đại cương : 
245 0 |b Dùng cho sinh viên các trường cao đẳng 
245 0 |c Lương Duyên Bình 
260 |a Hà Nội 
260 |b Giáo dục Việt Nam 
260 |c 2012 
520 |a Nội dung sách gồm 2 phần: Cơ học giới thiệu về động học chất điểm, động lực học hệ chất điểm, động lực học vật rắn, năng lượng và trường hấp dẫn. Phần Nhiệt học giới thiệu về vật lý thống kê cổ điển, cơ sở nhiệt học động lực học. 
650 |a Vật lý,Physics 
650 |x Nghiên cứu và giảng day,Study and teaching 
904 |i Qhieu 
980 |a Trung tâm Học liệu Trường Đại học Cần Thơ